000 00275 a2200109 4500
001 120816
020 _a9788520003701
040 _cEscola Canadense de Niteroi
100 _aJúnior, Alfredo
245 1 0 _aHistória Sociedade & Cidadania 7ºano - Livro Professor
942 _cBK
999 _c120816
_d120816